Normal view
MARC view
Entry Geographic Name
001 - CONTROL NUMBER
- control field: 3226
003 - CONTROL NUMBER IDENTIFIER
- control field: ARRUPE
005 - DATE AND TIME OF LATEST TRANSACTION
- control field: 20131105161817.0
008 - FIXED-LENGTH DATA ELEMENTS
- fixed length control field: 131105|| aca||aabn | a|a d
040 ## - CATALOGING SOURCE
- Original cataloging agency: ARRUPE
- Transcribing agency: ARRUPE
151 ## - HEADING--GEOGRAPHIC NAME
- Geographic name: Mozambique
- General subdivision: History
- Chronological subdivision: 1698-1891.
670 ## - SOURCE DATA FOUND
- Source citation: Work cat.: (ARRUPE)0: Ishemo, Shubi Lugemalila. 3224, The lower Zambezi basin in Mozambique :, c1995.